L'Humor a la Barcelona del vuitcents / il·lustracions de Xavier Nogués
Publicado:
Barcelona :
Generalitat de Catalunya, Departament de Cultura, Serveis de Cultura al Front ,
1938
Descripción Física:
316 p. : il. ; 17'5 cm
MARC
| LEADER | 00000nam a2200000Ia 4500 | ||
|---|---|---|---|
| 001 | 8180 | ||
| 008 | 160829s1938 xx 000 0 cat d | ||
| 080 | |a L-1-127 | ||
| 245 | |a L'Humor a la Barcelona del vuitcents / il·lustracions de Xavier Nogués | ||
| 260 | |a Barcelona : |b Generalitat de Catalunya, Departament de Cultura, Serveis de Cultura al Front, |c 1938 | ||
| 300 | |a 316 p. : |b il. ; |c 17'5 cm | ||
| 650 | |a Prosa catalana |x S. XIX |x Antologies |9 28669 | ||
| 650 | |a Barcelona |x Vida social i costums |x S. XIX |x Narrativa |9 28670 | ||
| 700 | |a Nogués, Xavier, il. |9 28671 | ||
| 700 | |a Catalunya. Serveis de Cultura al Front |9 26922 | ||
| 901 | |a Arxiu | ||
| 942 | |n 1 | ||
| 952 | |0 0 |1 0 |4 0 |6 L1127 |7 1 |9 44901 |a Arxiu |b Arxiu |d 2016-12-01 |l 0 |o L-1-127 |p 8180 |r 2016-12-01 00:00:00 |w 2016-12-01 |y ARXIU | ||
| 999 | |c 47500 |d 47500 | ||